000 01265nam a22003017a 4500
005 20080603165737.0
008 080808t xxu||||| |||| 00| 0 eng d
010 _aENG-90685
020 _a9780761936367 (HB)
020 _a9788178298016 (India-HB)
_c650.00
035 _aEn-74218
037 _bDBAD / PUB
040 _aDPL
082 _a320.532095409044
100 _aGupta, D. N., 1966-
245 _aCommunism and nationalism in colonial India, 1939-45 /
_cby D.N. Gupta.
260 _aNew Delhi
_bSage Publications
_c2008.
300 _a282p.
_c22 cm.(Hb)
490 _aSage series in modern Indian history/ edited by Bipan Chandra, Mirdula Mukherjee [and] Aditya Mukherjee ; XII
500 _aIncludes bibliographical references and index.
610 _aCommunist Party of India
_xHistory.
650 _aCommunism
_zIndia
_xHistory.
650 _aNationalism
_zIndia
_xHistory.
651 _aIndia
_xPolitics and government
_y1919-1947.
942 _2ddc
_cEN
_h320.532095409044
_mGUP
999 _c14760
_d14760